[Event "36. Copenhagen Open (Politiken Cup)"]
[Site "Elsinore"]
[Date "2014.07.26"]
[Round "7"]
[White "Henrichsen, Jens"]
[Black "Hallerod, Ralph"]
[Result "1-0"]
[WhiteElo "1959"]
[BlackElo "2126"]
[PlyCount "97"]
[EventDate "2014.07.21"]
[EventType "swiss"]
[EventRounds "10"]
[EventCountry "DEN"]
[Source "ChessBase"]
[SourceDate "2014.08.29"]

1. d4 c6 2. c4 d5 3. Nf3 Nf6 4. Nc3 e6 5. e3 Nbd7 6. Bd3 Bd6 7. e4 dxe4 8. Nxe4
Nxe4 9. Bxe4 e5 10. O-O exd4 11. Qxd4 Qf6 12. Bg5 Qxd4 13. Nxd4 Be5 14. Rad1
Nc5 15. Nxc6 Be6 16. Nxe5 Nxe4 17. Bh4 g5 18. Rfe1 Nc3 19. Rd3 Nxa2 20. Bxg5
Nb4 21. Rf3 f5 22. Nd3 O-O 23. Nxb4 Bxc4 24. Rc3 b5 25. b3 Rfe8 26. Rce3 Rxe3
27. Rxe3 a5 28. Nc6 Bf7 29. Bf6 a4 30. bxa4 Rxa4 31. h3 f4 32. Re7 Ra6 33. Rc7
Be8 34. Ne7+ Kf8 35. Bd4 f3 36. g4 Bf7 37. Nf5 Be6 38. Rxh7 b4 39. Rb7 b3 40.
Kh2 Ra4 41. Bc5+ Kg8 42. Nh6+ Kh8 43. g5 Rh4 44. Kg3 Rxh3+ 45. Kf4 Rh4+ 46. Ke5
Rc4 47. Kxe6 Rxc5 48. g6 b2 49. Rh7# 1-0

[Event "36. Copenhagen Open (Politiken Cup)"]
[Site "Elsinore"]
[Date "2014.07.26"]
[Round "7"]
[White "Hinrichs, Lars"]
[Black "Svane, Frederik"]
[Result "1/2-1/2"]
[WhiteElo "2003"]
[BlackElo "1824"]
[PlyCount "61"]
[EventDate "2014.07.21"]
[EventType "swiss"]
[EventRounds "10"]
[EventCountry "DEN"]
[Source "ChessBase"]
[SourceDate "2014.08.29"]

1. e4 c5 2. Ne2 e6 3. Nbc3 a6 4. g3 Nc6 5. Bg2 g6 6. d4 cxd4 7. Nxd4 Nge7 8.
O-O Bg7 9. Be3 O-O 10. Nxc6 Nxc6 11. f4 Qa5 12. Qd2 Rd8 13. e5 d5 14. exd6 Bf8
15. Ne4 Qxd2 16. Bxd2 Bxd6 17. Bc3 Bb4 18. Rfd1 Bxc3 19. bxc3 Kf8 20. Nc5 Ke7
21. Rab1 Rxd1+ 22. Rxd1 Nd8 23. Na4 Rb8 24. Nb6 f6 25. Bh3 Nf7 26. Re1 f5 27.
Bg2 Kd6 28. c4 Nd8 29. Rd1+ Kc7 30. c5 Nc6 31. Rd6 1/2-1/2

[Event "36. Copenhagen Open (Politiken Cup)"]
[Site "Elsinore"]
[Date "2014.07.26"]
[Round "7"]
[White "Hoiberg, Nina"]
[Black "Skjoldager, Mikael"]
[Result "1-0"]
[WhiteElo "2224"]
[BlackElo "2078"]
[PlyCount "127"]
[EventDate "2014.07.21"]
[EventType "swiss"]
[EventRounds "10"]
[EventCountry "DEN"]
[Source "ChessBase"]
[SourceDate "2014.08.29"]

1. e4 e5 2. Nf3 Nc6 3. d4 exd4 4. Bc4 Bc5 5. c3 Nf6 6. e5 d5 7. Bb5 Ne4 8. Nxd4
O-O 9. Bxc6 bxc6 10. O-O Ba6 11. Re1 Qh4 12. Be3 Rae8 13. f3 Ng5 14. Nd2 Bxd4
15. Bxd4 Ne6 16. Nb3 Nf4 17. Nc5 Qg5 18. g3 Bc8 19. Qc1 Nh3+ 20. Kg2 Qh5 21.
Nd3 Ng5 22. Qf4 Bh3+ 23. Kf2 Bf5 24. Ke3 Qg6 25. Nc5 Ne6 26. Nxe6 fxe6 27. Qh4
Bc2 28. f4 Qd3+ 29. Kf2 Qb5 30. b4 a5 31. a3 axb4 32. axb4 Ra8 33. Rxa8 Rxa8
34. Qe7 Bf5 35. Ra1 Rb8 36. Qxc7 Bg4 37. Ra2 Bh3 38. Ra1 Bg4 39. Ra2 Bh3 40.
Ke3 Bf5 41. Qa7 Qd3+ 42. Kf2 Re8 43. Qa6 Qb1 44. Rd2 Qh1 45. Qxc6 Qxh2+ 46. Ke1
Qh1+ 47. Kf2 Qh2+ 48. Ke1 Qh1+ 49. Kf2 Rf8 50. Qa6 Qh2+ 51. Ke1 Qxg3+ 52. Rf2
Bd3 53. Qxe6+ Kh8 54. Qxd5 h5 55. Qf3 h4 56. Qxg3 hxg3 57. Rf3 Be4 58. Rxg3
Rxf4 59. e6 Bd5 60. e7 Re4+ 61. Re3 Rxe3+ 62. Bxe3 Bc6 63. c4 Kg8 64. b5 1-0

[Event "36. Copenhagen Open (Politiken Cup)"]
[Site "Elsinore"]
[Date "2014.07.26"]
[Round "7"]
[White "Hoyer, Jacob K"]
[Black "Eriksson, Kristian"]
[Result "1/2-1/2"]
[WhiteElo "2200"]
[BlackElo "2058"]
[PlyCount "77"]
[EventDate "2014.07.21"]
[EventType "swiss"]
[EventRounds "10"]
[EventCountry "DEN"]
[Source "ChessBase"]
[SourceDate "2014.08.29"]

1. d4 Nf6 2. c4 e6 3. Nc3 Bb4 4. e3 b6 5. Nge2 Ba6 6. a3 Bxc3+ 7. Nxc3 d5 8. b3
O-O 9. Be2 Nc6 10. O-O Na5 11. cxd5 Bxe2 12. Nxe2 exd5 13. Bd2 Nb7 14. Rc1 Rc8
15. Nf4 Re8 16. Qc2 c6 17. Rfd1 Nd6 18. Be1 h5 19. Qe2 g6 20. Nd3 Nf5 21. Ne5
c5 22. Nf3 Qd6 23. dxc5 bxc5 24. Qd3 Rcd8 25. Bc3 Ne4 26. Ba1 h4 27. Qc2 f6 28.
b4 cxb4 29. axb4 h3 30. Qc6 hxg2 31. Qxd6 Rxd6 32. Kxg2 Rb8 33. b5 Rxb5 34.
Rc8+ Kf7 35. Rc7+ Ke6 36. Rxa7 Rc5 37. Ra2 Rdc6 38. Ne1 g5 39. Bd4 1/2-1/2

[Event "36. Copenhagen Open (Politiken Cup)"]
[Site "Elsinore"]
[Date "2014.07.26"]
[Round "7"]
[White "Hvenekilde, Jorgen"]
[Black "Andersson, Thorbjorn"]
[Result "1-0"]
[WhiteElo "2122"]
[BlackElo "1950"]
[PlyCount "62"]
[EventDate "2014.07.21"]
[EventType "swiss"]
[EventRounds "10"]
[EventCountry "DEN"]
[Source "ChessBase"]
[SourceDate "2014.08.29"]

1. e4 g6 2. d4 Bg7 3. Nc3 d6 4. Be3 Nf6 5. Be2 O-O 6. h4 c5 7. dxc5 Qa5 8. cxd6
exd6 9. Kf1 Nc6 10. Qxd6 Bg4 11. f3 Be6 12. Bd3 Nh5 13. Nge2 Rfd8 14. Qc5 Qc7
15. Nd5 Qb8 16. Bf2 Bf8 17. Qb5 a6 18. Qb3 Bd6 19. c4 Be5 20. Rd1 a5 21. a3 a4
22. Qc2 Qd6 23. Qd2 Qf8 24. g4 Nf6 25. h5 Na5 26. Nec3 Nb3 27. Qg5 Bxd5 28.
Qxe5 Bxc4 29. Bxc4 Rxd1+ 30. Nxd1 Qe8 31. Bxb3 axb3 1-0

[Event "36. Copenhagen Open (Politiken Cup)"]
[Site "Elsinore"]
[Date "2014.07.26"]
[Round "7"]
[White "Hyldkrog, Lars"]
[Black "Kistrup, Nicolai"]
[Result "0-1"]
[WhiteElo "1963"]
[BlackElo "1786"]
[PlyCount "80"]
[EventDate "2014.07.21"]
[EventType "swiss"]
[EventRounds "10"]
[EventCountry "DEN"]
[Source "ChessBase"]
[SourceDate "2014.08.29"]

1. e4 c5 2. Nf3 d6 3. d4 cxd4 4. Nxd4 Nf6 5. Nc3 g6 6. Be3 Bg7 7. f3 Nc6 8. Qd2
Bd7 9. Bc4 a6 10. Bb3 b5 11. g4 Rc8 12. h4 Ne5 13. Bh6 O-O 14. Bxg7 Kxg7 15.
O-O-O Nc4 16. Bxc4 Rxc4 17. h5 Kg8 18. hxg6 fxg6 19. Qh2 Rf7 20. e5 dxe5 21.
Ne6 Qc8 22. Ng5 Rg7 23. Nce4 Nxe4 24. fxe4 Bxg4 25. Rd2 h5 26. Qxe5 Bd7 27.
Qd5+ e6 28. Qd3 Rc5 29. Rg1 a5 30. Nf3 b4 31. e5 Rd5 32. Qe3 Rxd2 33. Qxd2 Bc6
34. Ng5 Bd5 35. Kb1 Qc5 36. Rd1 a4 37. Nh3 b3 38. axb3 axb3 39. cxb3 Be4+ 40.
Ka1 Ra7+ 0-1

[Event "36. Copenhagen Open (Politiken Cup)"]
[Site "Elsinore"]
[Date "2014.07.26"]
[Round "7"]
[White "Inhoven, Stefan"]
[Black "Kristensen, Bjarke Hautop"]
[Result "0-1"]
[WhiteElo "2124"]
[BlackElo "1952"]
[PlyCount "80"]
[EventDate "2014.07.21"]
[EventType "swiss"]
[EventRounds "10"]
[EventCountry "DEN"]
[Source "ChessBase"]
[SourceDate "2014.08.29"]

1. c4 Nf6 2. g3 g6 3. Bg2 d5 4. cxd5 Nxd5 5. Nc3 Nb6 6. d3 Bg7 7. a4 a5 8. Be3
Nc6 9. Nf3 O-O 10. Qc1 Nb4 11. O-O Re8 12. Bh6 Bh8 13. Rd1 c6 14. Ne1 Be6 15.
Rd2 N6d5 16. h3 Qb6 17. e4 Nc7 18. Ne2 c5 19. Be3 Bd4 20. Nxd4 cxd4 21. Bh6
Nca6 22. Qd1 Rec8 23. f4 Nc5 24. f5 Bb3 25. Qg4 Bxa4 26. Rc1 Bd7 27. Qh4 e5 28.
Qe7 gxf5 29. Qh4 Qg6 30. Bf3 Ra6 31. Rxc5 Qxh6 32. Rxc8+ Bxc8 33. Qd8+ Kg7 34.
Re2 Rc6 35. Qxa5 Qd6 36. exf5 Ra6 37. Qxe5+ Qxe5 38. Rxe5 Ra1 39. Rb5 Rxe1+ 40.
Kf2 Nxd3+ 0-1

[Event "36. Copenhagen Open (Politiken Cup)"]
[Site "Elsinore"]
[Date "2014.07.26"]
[Round "7"]
[White "Ivarsson, Torbjorn"]
[Black "Rosenkilde, Alexander"]
[Result "1/2-1/2"]
[WhiteElo "2131"]
[BlackElo "2255"]
[PlyCount "50"]
[EventDate "2014.07.21"]
[EventType "swiss"]
[EventRounds "10"]
[EventCountry "DEN"]
[Source "ChessBase"]
[SourceDate "2014.08.29"]

1. e4 c5 2. Nc3 d6 3. g3 Nc6 4. Bg2 g6 5. d3 Bg7 6. Nge2 Rb8 7. Be3 b5 8. d4 b4
9. Na4 Qa5 10. b3 cxd4 11. Nxd4 Bd7 12. O-O Ne5 13. a3 Ng4 14. Qd2 Qh5 15. h4
Nxe3 16. Qxe3 a5 17. axb4 axb4 18. Nb6 Bb5 19. Nxb5 Qxb5 20. Nd5 Qc5 21. Qxc5
dxc5 22. Ra7 Bd4 23. Rd1 e6 24. Nf4 Nf6 25. Ne2 e5 1/2-1/2

[Event "36. Copenhagen Open (Politiken Cup)"]
[Site "Elsinore"]
[Date "2014.07.26"]
[Round "7"]
[White "Jacobsen, Caroline Beer"]
[Black "Madison, Sigurd"]
[Result "0-1"]
[WhiteElo "1622"]
[BlackElo "1792"]
[PlyCount "118"]
[EventDate "2014.07.21"]
[EventType "swiss"]
[EventRounds "10"]
[EventCountry "DEN"]
[Source "ChessBase"]
[SourceDate "2014.08.29"]

1. e4 e5 2. Nf3 Nc6 3. Bb5 a6 4. Ba4 Nf6 5. O-O d6 6. Re1 b5 7. Bb3 Be7 8. c3
O-O 9. h3 Bd7 10. d4 Qc8 11. Nbd2 Rb8 12. Nf1 exd4 13. cxd4 a5 14. a3 Ne8 15.
Ng3 a4 16. Ba2 Nd8 17. Nf5 Bxf5 18. exf5 Bf6 19. g4 h6 20. h4 c5 21. d5 Nb7 22.
Kg2 Nc7 23. g5 hxg5 24. hxg5 Bd4 25. Nxd4 cxd4 26. Qg4 g6 27. Rh1 f6 28. Qh4
Kf7 29. Qh7+ Ke8 30. Qxg6+ Kd8 31. gxf6 Nc5 32. f7 Qd7 33. Rh7 Kc8 34. Bh6 Kb7
35. Bxf8 Rxf8 36. Rah1 Nd3 37. R1h4 Ne5 38. Qg8 Qe7 39. R4h6 Nxf7 40. Qg7 Qe4+
41. Kg3 Qe8 42. Kh3 Qe4 43. Rf6 Qf3+ 44. Kh2 Qxf2+ 45. Qg2 Qf4+ 46. Kh1 Re8 47.
Re6 Qxf5 48. Rg7 Rc8 49. Kg1 Kb6 50. Qd2 Nxe6 51. dxe6 Qf6 52. Rg4 Ne5 53.
Qxd4+ Ka6 54. Qxd6+ Rc6 55. Qd1 Nxg4 56. Qxg4 Rc1+ 57. Kh2 Qf2+ 58. Qg2 Qh4+
59. Qh3 Rc2+ 0-1

[Event "36. Copenhagen Open (Politiken Cup)"]
[Site "Elsinore"]
[Date "2014.07.26"]
[Round "7"]
[White "Jacobsen, Per"]
[Black "Arbeus, Carl Johan"]
[Result "0-1"]
[WhiteElo "1655"]
[BlackElo "1819"]
[PlyCount "116"]
[EventDate "2014.07.21"]
[EventType "swiss"]
[EventRounds "10"]
[EventCountry "DEN"]
[Source "ChessBase"]
[SourceDate "2014.08.29"]

1. b3 Nf6 2. Bb2 e6 3. Nf3 d5 4. e3 Be7 5. Be2 O-O 6. O-O c5 7. d4 Ne4 8. Nbd2
f5 9. c4 Nc6 10. cxd5 exd5 11. dxc5 Bxc5 12. a3 Be7 13. Qc2 Be6 14. Rfd1 Rc8
15. Qd3 Nc5 16. Qc3 Bf6 17. Qc2 Ne4 18. Bxf6 Qxf6 19. Qd3 Ne5 20. Nxe5 Qxe5 21.
Nf3 Qc3 22. Qb5 Nd6 23. Qd3 Bf7 24. Ng5 Qxd3 25. Rxd3 Rc2 26. Nxf7 Nxf7 27. Bf3
Rfc8 28. h3 Kf8 29. Rxd5 g6 30. Rad1 R8c7 31. Rd7 Ne5 32. Rxc7 Nxf3+ 33. gxf3
Rxc7 34. b4 Ke7 35. f4 Rc3 36. a4 Rc4 37. Rb1 Ke6 38. Kf1 Kd5 39. f3 Kc6 40.
Ke2 Rc2+ 41. Kd3 Rf2 42. Rc1+ Kd7 43. Rd1 Kc6 44. Rc1+ Kb6 45. Rc5 Rxf3 46. a5+
Ka6 47. Re5 Rxh3 48. Kc4 Rh1 49. Re6+ b6 50. axb6 axb6 51. b5+ Ka5 52. Re5 Rc1+
53. Kb3 Rb1+ 54. Kc4 Rb4+ 55. Kc3 Ka4 56. Re7 Re4 57. Rxh7 Rxe3+ 58. Kd4 Re4+
0-1

[Event "36. Copenhagen Open (Politiken Cup)"]
[Site "Elsinore"]
[Date "2014.07.26"]
[Round "7"]
[White "Jarlnaes, Erik"]
[Black "Haagen Larsen, Hans"]
[Result "1-0"]
[WhiteElo "1892"]
[BlackElo "1683"]
[PlyCount "75"]
[EventDate "2014.07.21"]
[EventType "swiss"]
[EventRounds "10"]
[EventCountry "DEN"]
[Source "ChessBase"]
[SourceDate "2014.08.29"]

1. e4 e6 2. d4 d5 3. Nc3 Bb4 4. exd5 exd5 5. Bd3 Nc6 6. Be3 Nge7 7. Nge2 Nf5 8.
Bxf5 Bxf5 9. O-O Qd7 10. a3 Bxc3 11. bxc3 Na5 12. Ng3 Nc4 13. Re1 O-O 14. Nf1
Qd6 15. Nd2 Nxa3 16. Ra2 Nb5 17. Qa1 Qc6 18. c4 dxc4 19. c3 a6 20. Nf3 f6 21.
Rd2 Qd5 22. Bf4 Be4 23. Re3 g5 24. Bg3 Bxf3 25. gxf3 f5 26. Qe1 f4 27. Re5 Qd8
28. Re7 Rf6 29. Rde2 Qd6 30. R2e6 Rxe6 31. Rxe6 Qd7 32. Re7 Qf5 33. Re5 Qd3 34.
Rxg5+ Kf7 35. Qe5 Rg8 36. Qd5+ Kf6 37. Rxg8 Qe2 38. Rf8+ 1-0

[Event "36. Copenhagen Open (Politiken Cup)"]
[Site "Elsinore"]
[Date "2014.07.26"]
[Round "7"]
[White "Jensen, Michael Agermose"]
[Black "Chevannes, Sabrina"]
[Result "0-1"]
[WhiteElo "2011"]
[BlackElo "2160"]
[PlyCount "90"]
[EventDate "2014.07.21"]
[EventType "swiss"]
[EventRounds "10"]
[EventCountry "DEN"]
[Source "ChessBase"]
[SourceDate "2014.08.29"]

1. e4 c6 2. d4 d5 3. e5 Bf5 4. h4 Qb6 5. Nc3 h5 6. Be2 e6 7. Nf3 Nd7 8. a4 a5
9. O-O f6 10. b3 fxe5 11. dxe5 Bc5 12. Bb2 Nh6 13. Qd2 Bg4 14. Ng5 O-O 15. Nd1
Rae8 16. Bxg4 hxg4 17. g3 Nf7 18. Nxf7 Rxf7 19. Kg2 Ref8 20. Ne3 Bxe3 21. fxe3
Rf3 22. Rxf3 Rxf3 23. Re1 Qc7 24. Qd4 Rf5 25. Qxg4 Nxe5 26. Bxe5 Qxe5 27. Qd4
Qc7 28. e4 c5 29. Qd3 Re5 30. Qf3 Qf7 31. Qc3 Rxe4 32. Rf1 Re2+ 33. Kg1 Qg6 34.
Rf2 Re4 35. Qf3 Rg4 36. Kh2 c4 37. bxc4 Rxc4 38. Qf8+ Kh7 39. Kh3 Rxc2 40. Rf4
Rc4 41. Rf2 Rxa4 42. Qb8 Qg4+ 43. Kh2 Ra3 44. Qe5 d4 45. h5 Re3 0-1

[Event "36. Copenhagen Open (Politiken Cup)"]
[Site "Elsinore"]
[Date "2014.07.26"]
[Round "7"]
[White "Jensen, Morten Frank"]
[Black "Frederiksen Kristian, Pade"]
[Result "1/2-1/2"]
[WhiteElo "2005"]
[BlackElo "1828"]
[PlyCount "82"]
[EventDate "2014.07.21"]
[EventType "swiss"]
[EventRounds "10"]
[EventCountry "DEN"]
[Source "ChessBase"]
[SourceDate "2014.08.29"]

1. e4 d5 2. exd5 Qxd5 3. Nc3 Qd8 4. g3 Nf6 5. Bg2 Bg4 6. Nge2 c6 7. h3 Bf5 8.
d3 e5 9. a3 a5 10. O-O Bc5 11. Rb1 a4 12. Bg5 h6 13. Bxf6 Qxf6 14. Ne4 Bxe4 15.
Bxe4 O-O 16. Kh2 Qe6 17. g4 Nd7 18. Ng3 Nf6 19. Qe2 Nd5 20. Bxd5 cxd5 21. Rbe1
Rfe8 22. c3 Bf8 23. Rg1 g6 24. Rg2 Bg7 25. f3 Ra6 26. c4 dxc4 27. dxc4 Rc6 28.
Rc1 Rec8 29. Qe4 b5 30. Rgc2 Rxc4 31. Rxc4 Rxc4 32. Rxc4 Qxc4 33. Qxc4 bxc4 34.
Ne4 f5 35. gxf5 gxf5 36. Nd6 e4 37. Nxc4 Bd4 38. fxe4 fxe4 39. Kg2 Kf7 40. Nd6+
Kg6 41. Nxe4 Bxb2 1/2-1/2

[Event "36. Copenhagen Open (Politiken Cup)"]
[Site "Elsinore"]
[Date "2014.07.26"]
[Round "7"]
[White "Jensen, Soren"]
[Black "Robertsen, Bjorn"]
[Result "1-0"]
[WhiteElo "1922"]
[BlackElo "1594"]
[PlyCount "23"]
[EventDate "2014.07.21"]
[EventType "swiss"]
[EventRounds "10"]
[EventCountry "DEN"]
[Source "ChessBase"]
[SourceDate "2014.08.29"]

1. e4 c5 2. f4 d5 3. exd5 Nf6 4. Nf3 Nxd5 5. Ne5 e6 6. Nc3 Nxf4 7. Qf3 Qf6 8.
Bb5+ Kd8 9. d4 a6 10. Bxf4 h6 11. Ne4 Qe7 12. Be2 1-0

[Event "36. Copenhagen Open (Politiken Cup)"]
[Site "Elsinore"]
[Date "2014.07.26"]
[Round "7"]
[White "Jogvansson, Hjalti Toftum"]
[Black "Keen, Cosima C"]
[Result "1-0"]
[WhiteElo "1944"]
[BlackElo "1729"]
[PlyCount "73"]
[EventDate "2014.07.21"]
[EventType "swiss"]
[EventRounds "10"]
[EventCountry "DEN"]
[Source "ChessBase"]
[SourceDate "2014.08.29"]

1. d4 d5 2. Nf3 Nf6 3. Bf4 c5 4. e3 Qb6 5. b3 cxd4 6. exd4 Bf5 7. Ne5 e6 8. Bd3
Be4 9. O-O Nc6 10. c3 g6 11. Qe2 Bg7 12. Nd2 Bxd3 13. Qxd3 Nh5 14. Qe3 Nxf4 15.
Qxf4 Nxe5 16. dxe5 Qc7 17. Qa4+ Kd8 18. Nf3 Bxe5 19. Nxe5 Qxe5 20. Qb4 b6 21.
Rfe1 Qc7 22. Qd4 Rg8 23. c4 Qd6 24. cxd5 Qxd5 25. Qh4+ Ke8 26. Qxh7 Kf8 27.
Qh6+ Rg7 28. Rad1 Qa5 29. Qh4 Kg8 30. Re3 Rh7 31. Qf6 Qh5 32. Red3 Qxh2+ 33.
Kf1 Qh1+ 34. Ke2 Qh5+ 35. f3 Qb5 36. a4 Qa6 37. Kf2 1-0

[Event "36. Copenhagen Open (Politiken Cup)"]
[Site "Elsinore"]
[Date "2014.07.26"]
[Round "7"]
[White "Johannesen, Lars Peter Meldgaar"]
[Black "Subramanian, Aditya"]
[Result "0-1"]
[WhiteElo "1711"]
[BlackElo "1938"]
[PlyCount "50"]
[EventDate "2014.07.21"]
[EventType "swiss"]
[EventRounds "10"]
[EventCountry "DEN"]
[Source "ChessBase"]
[SourceDate "2014.08.29"]

1. e4 c5 2. Nf3 e6 3. c4 Nc6 4. d4 cxd4 5. Nxd4 Nf6 6. Nc3 Bb4 7. Nxc6 bxc6 8.
Qc2 Bxc3+ 9. bxc3 Qa5 10. Bd3 d6 11. Rb1 e5 12. O-O h6 13. Rb4 Nd7 14. f4 O-O
15. Rf3 exf4 16. Bxf4 Qc5+ 17. Be3 Qe5 18. Rf5 Qe7 19. Qd2 Ne5 20. Rh5 Bg4 21.
Rxh6 gxh6 22. Bxh6 Rfb8 23. Qf4 Qe6 24. h3 Nxd3 25. Qxg4+ Qxg4 0-1

[Event "36. Copenhagen Open (Politiken Cup)"]
[Site "Elsinore"]
[Date "2014.07.26"]
[Round "7"]
[White "Jorgensen, Dennis"]
[Black "Merkesvik, Sondre"]
[Result "1/2-1/2"]
[WhiteElo "2216"]
[BlackElo "2057"]
[PlyCount "24"]
[EventDate "2014.07.21"]
[EventType "swiss"]
[EventRounds "10"]
[EventCountry "DEN"]
[Source "ChessBase"]
[SourceDate "2014.08.29"]

1. d4 Nf6 2. Nf3 g6 3. g3 Bg7 4. Bg2 O-O 5. O-O d5 6. c3 b6 7. Ne5 Bb7 8. Bf4
Nbd7 9. Nd2 Nh5 10. Nd3 c5 11. Be3 Qc7 12. Nf3 e6 1/2-1/2

[Event "36. Copenhagen Open (Politiken Cup)"]
[Site "Elsinore"]
[Date "2014.07.26"]
[Round "7"]
[White "Justinussen, Sigurd B"]
[Black "Lauritsen, Martin Lee"]
[Result "0-1"]
[WhiteElo "1978"]
[BlackElo "2143"]
[PlyCount "80"]
[EventDate "2014.07.21"]
[EventType "swiss"]
[EventRounds "10"]
[EventCountry "DEN"]
[Source "ChessBase"]
[SourceDate "2014.08.29"]

1. e4 c5 2. Nf3 Nc6 3. d4 cxd4 4. Nxd4 e5 5. Nf3 Nf6 6. Bd3 d5 7. exd5 Qxd5 8.
O-O Bd6 9. Nc3 Qe6 10. Ng5 Qe7 11. Re1 O-O 12. Nge4 Nxe4 13. Nxe4 Bc7 14. Qh5
g6 15. Qh6 f6 16. Be3 b6 17. Qh4 Be6 18. Bb5 Nb4 19. Bh6 Rf7 20. Rec1 a6 21. a3
Nd5 22. Bc6 Rd8 23. c4 Nf4 24. Bxf4 exf4 25. c5 b5 26. Nc3 Rd2 27. b4 Be5 28.
Rab1 Qc7 29. Bf3 Rd3 30. Ne4 Ba2 31. Nd6 Re7 32. Ra1 Bxa1 33. Rxa1 Rxd6 34.
cxd6 Qc3 35. Rf1 Re1 36. g3 Rxf1+ 37. Kxf1 Qxf3 38. Qxf6 Bc4+ 39. Kg1 Qd1+ 40.
Kg2 Bf1+ 0-1

[Event "36. Copenhagen Open (Politiken Cup)"]
[Site "Elsinore"]
[Date "2014.07.26"]
[Round "7"]
[White "Kaasen, Tor Fredrik"]
[Black "Franzen, Per Erik"]
[Result "0-1"]
[WhiteElo "1676"]
[BlackElo "2050"]
[PlyCount "90"]
[EventDate "2014.07.21"]
[EventType "swiss"]
[EventRounds "10"]
[EventCountry "DEN"]
[Source "ChessBase"]
[SourceDate "2014.08.29"]

1. e4 c5 2. Nf3 e6 3. d4 cxd4 4. Nxd4 a6 5. c4 Qc7 6. Nc3 Nf6 7. Bd3 Be7 8. O-O
d6 9. f4 O-O 10. Qc2 Qc5 11. Be3 Ng4 12. Bf2 Nxf2 13. Qxf2 Nc6 14. Nxc6 Qxf2+
15. Rxf2 bxc6 16. Kf1 Rb8 17. Re1 Rd8 18. Bb1 a5 19. b3 Ba6 20. Bd3 d5 21. Rd1
Bb4 22. Rc2 Bxc3 23. Rxc3 dxe4 24. Bc2 Rxd1+ 25. Bxd1 c5 26. Re3 f5 27. Re2 Rd8
28. Ke1 Kf7 29. g4 h6 30. Rd2 Rd4 31. h4 e5 32. fxe5 f4 33. Be2 Rxd2 34. Kxd2
Ke6 35. g5 hxg5 36. hxg5 Kxe5 37. Bg4 Kd4 38. Bh5 Bb7 39. Bg4 e3+ 40. Kc2 Be4+
41. Kd1 f3 42. Ke1 f2+ 43. Kf1 Kd3 44. Bd1 Kd2 45. Be2 Bg2+ 0-1

[Event "36. Copenhagen Open (Politiken Cup)"]
[Site "Elsinore"]
[Date "2014.07.26"]
[Round "7"]
[White "Klings, Peter"]
[Black "Stuhr, Peter Sebastian"]
[Result "1-0"]
[WhiteElo "2128"]
[BlackElo "1965"]
[PlyCount "77"]
[EventDate "2014.07.21"]
[EventType "swiss"]
[EventRounds "10"]
[EventCountry "DEN"]
[Source "ChessBase"]
[SourceDate "2014.08.29"]

1. e4 d6 2. d4 Nf6 3. Nc3 e5 4. Nf3 Nbd7 5. Bc4 Be7 6. O-O O-O 7. a4 c6 8. Ba2
b6 9. Re1 a6 10. h3 Bb7 11. Bg5 b5 12. Qe2 Qc7 13. dxe5 dxe5 14. Nh4 Nc5 15.
Nf5 Bd8 16. Qf3 b4 17. Nd1 Ncxe4 18. Rxe4 Nxe4 19. Bxd8 Raxd8 20. Qxe4 c5 21.
Qg4 g6 22. Qg5 Be4 23. Nde3 Bxf5 24. Nxf5 c4 25. Nh6+ Kg7 26. Nf5+ Kg8 27. Ne3
c3 28. bxc3 Qxc3 29. Rf1 Qd4 30. Rd1 Qf4 31. Qxd8 Rxd8 32. Rxd8+ Kg7 33. Rd7
Qg5 34. Rxf7+ Kh8 35. Rf8+ Kg7 36. Rg8+ Kf6 37. Ra8 Qh5 38. Bc4 Qh6 39. Ng4+
1-0

[Event "36. Copenhagen Open (Politiken Cup)"]
[Site "Elsinore"]
[Date "2014.07.26"]
[Round "7"]
[White "Kovshoj, Sune"]
[Black "Alfven, Jorgen"]
[Result "1/2-1/2"]
[WhiteElo "2086"]
[BlackElo "1883"]
[PlyCount "101"]
[EventDate "2014.07.21"]
[EventType "swiss"]
[EventRounds "10"]
[EventCountry "DEN"]
[Source "ChessBase"]
[SourceDate "2014.08.29"]

1. e4 c5 2. Nf3 Nc6 3. Nc3 g6 4. d4 cxd4 5. Nxd4 Bg7 6. Be3 d6 7. Qd2 Nxd4 8.
Bxd4 Nf6 9. O-O-O O-O 10. Be2 Qa5 11. Kb1 e5 12. Be3 Rd8 13. Bg5 Be6 14. Bxf6
Bxf6 15. Nd5 Qxd2 16. Nxf6+ Kg7 17. Nh5+ gxh5 18. Rxd2 Kf6 19. Bxh5 Rac8 20.
Rhd1 Ke7 21. Be2 a6 22. g3 Rd7 23. f4 exf4 24. gxf4 f5 25. Bf3 fxe4 26. Bxe4
Rf8 27. Re1 Kf6 28. f5 Bg8 29. Bd5 Rfd8 30. Be6 Rg7 31. c4 Bxe6 32. fxe6 Ke7
33. Rf2 Rf8 34. Rxf8 Kxf8 35. Re2 Ke7 36. Kc2 Rg4 37. Kc3 b6 38. a4 a5 39. b4
axb4+ 40. Kxb4 Rg5 41. Re4 Rh5 42. Re2 Rf5 43. Kc3 Ra5 44. Rb2 Rxa4 45. Rxb6
Ra3+ 46. Kd4 Rh3 47. Rb2 Rh4+ 48. Kd5 Rh5+ 49. Kd4 Rh4+ 50. Kd5 Rh5+ 51. Kd4
1/2-1/2

[Event "36. Copenhagen Open (Politiken Cup)"]
[Site "Elsinore"]
[Date "2014.07.26"]
[Round "7"]
[White "Krantz, Christopher"]
[Black "Thogersen, Rasmus"]
[Result "1-0"]
[WhiteElo "2219"]
[BlackElo "2089"]
[PlyCount "63"]
[EventDate "2014.07.21"]
[EventType "swiss"]
[EventRounds "10"]
[EventCountry "DEN"]
[Source "ChessBase"]
[SourceDate "2014.08.29"]

1. e4 c5 2. Nf3 d6 3. Bb5+ Bd7 4. Bxd7+ Qxd7 5. O-O Nf6 6. Qe2 e6 7. d4 cxd4 8.
Nxd4 Nc6 9. Rd1 Be7 10. c4 O-O 11. b3 Nxd4 12. Rxd4 Qc6 13. Nc3 a6 14. Ba3 b5
15. Rad1 Rfd8 16. Qd3 Rac8 17. e5 Ne8 18. exd6 Bf6 19. d7 Bxd4 20. Qxd4 Rb8 21.
dxe8=Q+ Qxe8 22. Bd6 bxc4 23. bxc4 Rb2 24. c5 Qc6 25. h3 h6 26. Rd3 f6 27. Rg3
Kh8 28. Qg4 Qd7 29. c6 Qa7 30. c7 Rg8 31. Qxe6 Qa8 32. Qd7 1-0

[Event "36. Copenhagen Open (Politiken Cup)"]
[Site "Elsinore"]
[Date "2014.07.26"]
[Round "7"]
[White "Larsen, Preben R"]
[Black "Egholm, Leif"]
[Result "1/2-1/2"]
[WhiteElo "1833"]
[BlackElo "1718"]
[PlyCount "82"]
[EventDate "2014.07.21"]
[EventType "swiss"]
[EventRounds "10"]
[EventCountry "DEN"]
[Source "ChessBase"]
[SourceDate "2014.08.29"]

1. e4 c6 2. d4 d5 3. e5 Bf5 4. Bd3 Bxd3 5. Qxd3 e6 6. Ne2 Qa5+ 7. Bd2 Qa6 8.
O-O Qxd3 9. cxd3 Nd7 10. Nbc3 Ne7 11. f4 h5 12. Rf3 Nf5 13. h3 Be7 14. Be1 h4
15. Bf2 g5 16. Nd1 Nh6 17. fxg5 Bxg5 18. Be3 Bxe3+ 19. Nxe3 O-O-O 20. Rf4 c5
21. Rc1 Kb8 22. dxc5 Nxe5 23. Rxh4 Rdg8 24. Kf1 Nxd3 25. Rc3 Ne5 26. Nd1 Nf5
27. Rxh8 Rxh8 28. g4 Ne7 29. Nd4 N7c6 30. Nxc6+ Nxc6 31. Nf2 e5 32. Rf3 Rh7 33.
Rf5 Kc8 34. a3 Kd7 35. Rf6 Ke7 36. Rf3 Nd4 37. Rd3 Ke6 38. Kg2 f5 39. gxf5+
Kxf5 40. Rg3 Rh5 41. Nd1 Ne6 1/2-1/2

[Event "36. Copenhagen Open (Politiken Cup)"]
[Site "Elsinore"]
[Date "2014.07.26"]
[Round "7"]
[White "Laustsen, Lars"]
[Black "Christenson, Bjorn Aa"]
[Result "1-0"]
[WhiteElo "2115"]
[BlackElo "1931"]
[PlyCount "63"]
[EventDate "2014.07.21"]
[EventType "swiss"]
[EventRounds "10"]
[EventCountry "DEN"]
[Source "ChessBase"]
[SourceDate "2014.08.29"]

1. d4 Nf6 2. c4 e6 3. g3 d5 4. Nf3 Bb4+ 5. Bd2 Bxd2+ 6. Nbxd2 b6 7. Bg2 Bb7 8.
O-O Nbd7 9. cxd5 exd5 10. b4 O-O 11. b5 a6 12. a4 axb5 13. axb5 Qe7 14. e3 c6
15. bxc6 Bxc6 16. Qb3 Ra5 17. Rxa5 bxa5 18. Qc3 Qd6 19. Rc1 Bb7 20. Qxa5 Ra8
21. Qb5 Ba6 22. Qa4 Bb7 23. Qb3 Ba6 24. Qb2 Rb8 25. Qa1 h6 26. Ne5 Rb6 27. Qa5
Bb7 28. Nd3 Bc6 29. Nf3 Rb8 30. Qa6 Rb6 31. Qc8+ Qf8 32. Rxc6 1-0